Střednědobé plánování rozvoje strojírenství

Enregistré dans:
Détails bibliographiques
Auteur principal: Vinařová, Ivana
Autres auteurs: Gulka, Ljubomír
Format: Livre
Langue:tchèque
Publié: Praha Výzkumný ústav strojírenské technologie a ekonomiky 1979
Collection:Knižnice VUSTE, sv. 155
Tags: Ajouter un tag
Pas de tags, Soyez le premier à ajouter un tag!

MARC

LEADER 00000nam a2200000 4500
001 0220054
005 20240822101657.2
041 0 |a cze 
044 |a CZ 
245 1 0 |a Střednědobé plánování rozvoje strojírenství 
264 1 |a Praha  |b Výzkumný ústav strojírenské technologie a ekonomiky  |c 1979 
300 |a 263 s. 
490 1 |a Knižnice VUSTE, sv. 155 
830 0 |a Knižnice VUSTE, sv. 155 
100 1 |a Vinařová, Ivana 
700 1 |a Gulka, Ljubomír